| 000 | 00782nam a2200253 i 4500 | ||
|---|---|---|---|
| 001 | 185955 | ||
| 003 | SpMaBN | ||
| 005 | 20251122063144.0 | ||
| 008 | 160830s1986 sp |||| |dspa d | ||
| 020 | _a84-7444-216-8 | ||
| 080 | _a929 Borges, Jorge Luis (049.3) | ||
| 100 | 1 |
_aBorges, Jorge Luis, _d1899-1986 _eaut _9242526 |
|
| 245 | 1 | 0 |
_aConversaciones con Borges / _cRoberto Alifano. |
| 250 | _a1ยช ed. | ||
| 260 |
_aMadrid : _bDebate, _c1986. |
||
| 300 |
_a250 p. ; _c18 cm. |
||
| 490 | 1 | _aDebate ensayo | |
| 600 | 1 | 7 |
_aBorges, Jorge Luis- _vEntrevistas. _930463 |
| 700 | 1 |
_aAlifano, Roberto, _d1943- _9160625 _eivr |
|
| 830 | 0 |
_aDebate ensayo _9182935 |
|
| 852 |
_aES-MaACL _jL-30575 _z. - Donat. Miguel A. Velasco |
||
| 942 | _2udc | ||
| 999 |
_c185955 _d185955 |
||